PPDG Tiếng Anh bậc tiểu học 2
Uloženo v:
| Médium: | Kniha |
|---|---|
| Tagy: |
Přidat tag
Žádné tagy, Buďte první, kdo otaguje tento záznam!
|
| Thư viện lưu trữ: | Mạng thư viện Đại học Đà Nẵng |
|---|
| LEADER | 00435nam a22001571a 4500 | ||
|---|---|---|---|
| 001 | 000036045 | ||
| 003 | 12337 | ||
| 005 | 20160322090148.0 | ||
| 008 | 160322s0 000 | ||
| 245 | |a PPDG Tiếng Anh bậc tiểu học 2 |c Ng Phạm Thanh Uyên – Ng Dương Nguyên Châu | ||
| OWN | |a LNN | ||
| 999 | |a From the UDN01 | ||
| TYP | |a Monograph | ||
| 980 | |a Mạng thư viện Đại học Đà Nẵng | ||